| 000 | 00310pam a2200121 a 4500 | ||
|---|---|---|---|
| 020 |
_a81-86314-92-X _c |
||
| 041 | _h | ||
| 082 |
_a519.5 _bDHA |
||
| 100 | _aDHAYAGUDE M.G., | ||
| 245 |
_aCOMERCIAL ARITHMETIC AND STATISTICS _hTextual Documents |
||
| 260 |
_aPUNE _bEVEREST PUBLISHING HOUSE _c2000 |
||
| 930 | _a4619 | ||
| 999 |
_c124092 _d124092 |
||